000 00267nam a2200109Ia 4500
008 220204s9999 xx 000 0 und d
082 _a5(038)
_bJAG
100 _aJagjiwan Singh
245 0 _aFundamental science dictionary
260 _aRanchi
_bGood Book
942 _cBK
999 _c21206
_d21206